000 00830cam a22002893a 4500
001 22354
003 PGUSA
005 20140828083457.0
008 070819s2007||||xxu|||||s|||||000 | eng d
040 _aPGUSA
_beng
042 _adc
050 4 _aPZ
050 4 _aPT
100 1 _aBonsels, Waldemar,
_d1880-1952
245 1 4 _aThe Adventures of Maya the Bee
_h[electronic resource] /
_cWaldemar Bonsels
260 _bProject Gutenberg,
_c2007
506 _aPublic domain in the USA.
516 _aElectronic text
653 _aChildren's literature
653 _aBees -- Folklore
700 1 _aGuiterman, Arthur,
_d1871-1943
700 1 _aSeltzer, Adele Szold,
_d1876-1940
700 1 _aBoss, Homer,
_d1882-1956
830 0 _aProject Gutenberg
_v22354
856 4 0 _uhttp://www.gutenberg.org/ebooks/22354
942 _cEB
999 _c251609
_d251609